000 00616nam a22002052 4500
001 0000018389
005 20151021152556.0
008 091026s xx 000 0 eng d
020 _a0071286527 :
040 _aKABU
_cKABU
245 1 0 _aModern financial management /
_cStephen A. Ross [...et al.].
250 _a8th ed.
260 _aBoston :
_bMcGraw-Hill,
_c2008.
300 _axxxiii, 926 p.
650 0 _aCorporations
_xFinance.
_@0000007704
700 1 _aRoss, Stephen A.
_@0000152585
852 1 _9p3350 KES
908 _a091026
950 _@1
999 _c1522
_d1522